000
00312nam a2200109Ia 4500
008
200302s9999 xx 000 0 und d
100
_a
Yasmin Shariff and Jane Tankard
245
_a
Towards a New Architect The Guide for Architecture Students
260
_b
Architectureal Press
260
_c
2010
300
_a
120 P.,
999
_c
3265
_d
3265